|
LDR
| 02412nam a2200613Ia 4500 |
|---|
| 001 | 136939 |
|---|
| 003 | CONS |
|---|
| 005 | 20140703073309.0 |
|---|
| 008 | 940120s1988 mnua 000 0 eng d |
|---|
| 035 | | . |
‡a(CPomAG)LMN565453 |
|---|
| 100 | 1 | . |
‡aMoncure, Jane Belk. |
|---|
| 245 | 1 | 0. |
‡aMagic castle readers /
‡cby Jane Belk Moncure. |
|---|
| 246 | 3 | . |
‡aDragon in a wagon |
|---|
| 246 | 3 | . |
‡aButterfly express |
|---|
| 246 | 3 | . |
‡aHere we go 'round the year |
|---|
| 246 | 3 | . |
‡aHow many ways can you cut a pie? |
|---|
| 246 | 3 | . |
‡aMagic moon machine |
|---|
| 246 | 3 | . |
‡aOne tricky monkey up on top |
|---|
| 246 | 3 | . |
‡aWhere is baby bear? |
|---|
| 246 | 3 | . |
‡aApes find shapes |
|---|
| 246 | 3 | . |
‡aHop-skip jump-a-roo zoo |
|---|
| 246 | 3 | . |
‡aNanny Goat's boat |
|---|
| 246 | 3 | . |
‡aBiggest snowball of all |
|---|
| 246 | 3 | . |
‡aIce-Cream cows and mitten sheep |
|---|
| 246 | 3 | . |
‡aLittle too-tall |
|---|
| 246 | 3 | . |
‡aPocketful of pets |
|---|
| 246 | 3 | . |
‡aPolka-dot puppy |
|---|
| 246 | 3 | . |
‡aMr. Doodle had a poodle |
|---|
| 246 | 3 | . |
‡aAway went the farmer's hat |
|---|
| 246 | 3 | . |
‡aWish-for dinosaur |
|---|
| 246 | 3 | . |
‡aColor clown comes to town |
|---|
| 246 | 3 | . |
‡aWhat do you say when a monkey acts this way |
|---|
| 246 | 3 | . |
‡aWhat do you do with a grumpy kangaroo |
|---|
| 246 | 3 | . |
‡aYes, no, little hippo |
|---|
| 246 | 3 | . |
‡a"Smile", says little crocodile |
|---|
| 246 | 3 | . |
‡aRabbits habits |
|---|
| 246 | 3 | . |
‡aMousekin's special day |
|---|
| 246 | 3 | . |
‡aWhat can we play today |
|---|
| 246 | 3 | . |
‡aBears upstairs |
|---|
| 260 | | . |
‡aMankato, MN. :
‡bChild's World,
‡cc1988. |
|---|
| 300 | | . |
‡a27 v. :
‡bcol. ill. ;
‡c20 x 24 cm. |
|---|
| 490 | 1 | . |
‡aMagic castle readers |
|---|
| 500 | | . |
‡aSupplemental readers for grades K-1. |
|---|
| 650 | | 0. |
‡aReading (Elementary) |
|---|
| 650 | | 7. |
‡aReading (Elementary)
‡2fast
‡0(OCoLC)fst01090705 |
|---|
| 710 | 2 | . |
‡aChild's World (Firm) |
|---|
| 800 | 1 | . |
‡aMoncure, Jane Belk.
‡tMagic castle readers. |
|---|
| 914 | | . |
‡aSCP_jd |
|---|
| 959 | | . |
‡i32269000939911
‡lE Mon
‡aJuvenile - Easy
‡tEasy
‡g10.00 |
|---|
| 852 | | . |
‡p32269000939911
‡jE Mon
‡jE Mon
‡jE Mon
‡gJuvenile - Easy
‡gJuvenile - Easy
‡gJuvenile - Easy
‡cEasy
‡cEasy
‡cEasy
‡y10.00
‡y10.00
‡y10.00
‡bSBPL |
|---|
| 959 | | . |
‡i32269000939952
‡lE Mon
‡aJuvenile - Easy
‡tEasy
‡g10.00 |
|---|
| 852 | | . |
‡p32269000939952
‡jE Mon
‡jE Mon
‡jE Mon
‡gJuvenile - Easy
‡gJuvenile - Easy
‡gJuvenile - Easy
‡cEasy
‡cEasy
‡cEasy
‡y10.00
‡y10.00
‡y10.00
‡bSBPL |
|---|
| 959 | | . |
‡i32269000939960
‡lE Mon
‡aJuvenile - Easy
‡tEasy
‡g10.00 |
|---|
| 852 | | . |
‡p32269000939960
‡jE Mon
‡jE Mon
‡jE Mon
‡gJuvenile - Easy
‡gJuvenile - Easy
‡gJuvenile - Easy
‡cEasy
‡cEasy
‡cEasy
‡y10.00
‡y10.00
‡y10.00
‡bSBPL |
|---|
| 901 | | . |
‡a136939
‡bUnknown
‡c136939
‡tbiblio |
|---|